000 00805cam a2200169u 4500
001 000019918
005 20200929170205.0
008 840817s1967 pr a 000 0 spa
040 _aDO-SdBNP
_bspa
_cBNPHU
245 0 0 _aTemas universales del teatro espanol /
_cTirso de Molina, José Zorrilla, Calderón de la Banca.
260 _aSan Juan, de Puerto Rico :
_bEditorial del Departamento de Instruccion Pública,
_bEstado Libre Asociado de Puerto Rico,
_c1967.
300 _a317 p. :
_bil. ;
_c22 cm.
650 0 _aSpanish drama.
_942479
700 1 _aMolina, Tirso de,
_d1571?-1648.
_tBurlador de Sevilla y el convidado de piedra. [from old catalog]
_942480
700 1 _aZorilla y Moral, Jose,
_d1817-1893.
_tDon Juan Tenorio.
_942481
700 1 _aCalderon de la Barca, Pedro,
_d1600-1681.
_tVida es sueno.
_939560
999 _c19431
_d19431